[Event "6th Vardaris Open 2020"]
[Site "Thessaloniki"]
[Date "2020.02.29"]
[Round "4.9"]
[White "Vetokhin, Ilia"]
[Black "Kourkoulos-Arditis, Stamatis"]
[Result "0-1"]
[WhiteElo "2112"]
[BlackElo "2470"]
[Annotator "TA"]
[PlyCount "104"]
[EventDate "2020.02.27"]
[EventType "swiss"]
[EventCountry "GRE"]
[SourceTitle "playchess.com"]
[Source "ChessBase"]
[SourceQuality "1"]

{[%evp 13,104,11,27,0,10,7,35,35,35,29,40,34,35,36,55,31,46,46,52,43,64,60,41,50,36,50,56,37,43,33,42,7,7,6,0,0,0,-22,-15,-147,-151,-146,-146,-179,-200,-244,-239,-235,-225,-239,-206,-371,-373,-372,-379,-369,-376,-510,-510,-503,-503,-491,-485,-853,-855,-783,-631,-823,-774,-663,-491,-975,-958,-1793,-863,-803,-666,-1795,-1770,-1627,-1536,-1862,-1702,-6794,-6794,-5923,-5809,-6522,-6498,-29977,-29979,-29977,-29978]} 1. d4 Nf6 2. c4 g6 3. Nc3 Bg7 4. e4 d6 5. Be2 O-O 6. Bg5 Na6 {[%cal Bb8a6,Ba6c7,Bc7e6][%mdl 32]} 7. f4 c6 8. Qd2 {E73: King's Indian: Averbakh Variation without 6...c5.} Nc7 9. Bf3 Ne6 10. Bh4 {White is slightly better.} c5 11. dxc5 $1 Nxc5 12. Rd1 Be6 13. b3 $1 {[#]} Qb6 $146 ({Predecessor:} 13... a5 14. Nge2 Qc7 15. O-O a4 16. f5 gxf5 17. exf5 Bxf5 18. Bxf6 exf6 19. b4 Ne6 {1-0 (35) Ivanchuk,V (2776)-Radjabov,T (2744) Medias 2011}) 14. Bf2 Ng4 15. Bd4 Bxd4 16. Qxd4 Nf6 17. Nge2 a5 18. Rb1 a4 {[%cal Ra4b3]} 19. b4 Ncd7 {Black wants to play ...Qxd4.} 20. Qxb6 $1 Nxb6 21. c5 Nc4 22. e5 dxe5 23. Bxb7 Rab8 24. c6 exf4 25. Nxa4 Nd6 26. Ba6 {White is on the road to losing.} (26. Rb2 $11) 26... Bxa2 $17 27. Rb2 Bc4 $36 {[%mdl 2048] Keeping White busy.} 28. c7 Ra8 ({Resist} 28... Bxa6 29. cxb8=N Rxb8 30. Nc5 $15) 29. b5 Nd5 30. O-O Nxc7 31. Nb6 Rab8 ({But not} 31... Nxa6 32. Nxa8 Rxa8 33. bxa6 $17) 32. Nd7 $2 {[#]} (32. Nxc4 {was the only defense.} Nxc4 33. Ra2 Nxb5 34. Nxf4) 32... Nxa6 $19 33. Nxf8 Rxb5 34. Rxb5 Bxb5 35. Nxg6 hxg6 36. Re1 Bxe2 37. Rxe2 e6 38. g3 (38. Kf2 $142 Nb4 39. Kf3) 38... fxg3 39. hxg3 Nb4 40. Kg2 Nd5 41. Ra2 Kg7 42. Ra4 (42. Ra6 $142 Ne4 43. Ra7) 42... g5 43. Ra5 Kg6 44. Ra4 Nf5 45. Ra5 g4 46. Ra4 Kg5 47. Ra5 Nd6 48. Ra6 Ne4 49. Ra3 f5 50. Rb3 Kf6 51. Ra3 Ndc3 52. Rb3 Ne2 {Accuracy: White = 45%, Black = 91%.} 0-1

[Event "6th Vardaris Open 2020"]
[Site "Thessaloniki"]
[Date "2020.02.29"]
[Round "4.10"]
[White "Stanojoski, Zvonko"]
[Black "Yordanov, Nikolay"]
[Result "1-0"]
[WhiteElo "2435"]
[BlackElo "2102"]
[Annotator "TA"]
[PlyCount "37"]
[EventDate "2020.02.27"]
[EventType "swiss"]
[EventCountry "GRE"]
[SourceTitle "playchess.com"]
[Source "ChessBase"]
[SourceQuality "1"]

{[%evp 11,37,6,44,43,39,14,44,9,48,39,48,53,74,-25,-17,-7,268,267,415,397,416,389,620,280,301,293,279,299]} 1. g3 e5 2. c4 Nc6 3. Bg2 d6 4. Nc3 Be6 5. d3 Qd7 6. b4 {[%cal Bb2b4,Bb4b5][%mdl 32]} g6 7. b5 {A25: English Opening vs King's Indian with ...Nc6 but without early d3.} Nd8 $1 8. h4 Bg7 9. Bd2 {[#] White is slightly better.} f5 $146 ({Predecessor:} 9... h6 10. Rb1 f5 11. a4 Nf6 12. Qc1 Ng4 13. Nh3 Rb8 14. a5 Ke7 15. Nd5+ Kf7 {1-0 (44) Dobosz,H (2457)-Klaus,C (2061) Muehlhausen 2004}) 10. h5 Ne7 11. Qc1 d5 12. Bh6 ({White should try} 12. cxd5 $16 Nxd5 13. hxg6) 12... Bxh6 $11 13. Qxh6 {Threatens to win with cxd5.} Ng8 $2 {[%mdl 8192] [#] This costs Black the game.} (13... Nf7 $1 $11 14. Qd2 dxc4) 14. Qe3 $18 d4 (14... Qg7 $142) 15. Qxe5 Nf7 16. Qg7 dxc3 (16... O-O-O $142 17. Na4 Qe7) 17. hxg6 (17. Bxb7 $142 Nd8 18. Qxd7+ Kxd7 19. Bxa8) 17... hxg6 {[#] ...Rxh1 is the strong threat.} 18. Rxh8 Nxh8 19. Qxh8 {Accuracy: White = 47%, Black = 30%.} 1-0

[Event "6th Vardaris Open 2020"]
[Site "Thessaloniki"]
[Date "2020.02.29"]
[Round "4.11"]
[White "Trimitzios, Petros"]
[Black "Disha, Beshim"]
[Result "1-0"]
[WhiteElo "2353"]
[BlackElo "2073"]
[Annotator "TA"]
[PlyCount "89"]
[EventDate "2020.02.27"]
[EventType "swiss"]
[EventCountry "GRE"]
[SourceTitle "playchess.com"]
[Source "ChessBase"]
[SourceQuality "1"]

{[%evp 9,89,30,22,23,25,24,33,16,32,29,56,20,14,18,22,10,9,0,3,0,0,0,52,39,42,41,23,31,57,68,81,75,89,73,71,81,111,119,112,68,111,84,95,73,80,48,55,31,139,21,80,57,54,58,76,36,49,52,94,92,106,97,235,229,315,320,322,320,323,324,322,303,322,308,285,275,271,264,367,262,590,581]} 1. d4 Nf6 2. c4 e6 3. Nf3 d5 4. Nc3 a6 5. cxd5 exd5 6. Bg5 {D37: Queen's Gambit Declined: 5 Bf4.} Be7 7. e3 O-O 8. Bd3 {White is slightly better.} c6 9. O-O Bg4 10. h3 Bxf3 11. Qxf3 Nbd7 {[#]} 12. Rfe1 $146 ({Predecessor:} 12. Rac1 h6 13. Bf4 Re8 14. Na4 Bf8 15. Qe2 g6 16. a3 Ne4 17. Bxe4 Rxe4 18. b4 Qf6 19. Bg3 Rae8 20. Qd2 Bg7 {½-½ (20) Toth,J-Szurovszky,E Salgotarjan 1976}) 12... Re8 13. Re2 Nf8 14. Rae1 Ne4 15. Bf4 Nxc3 (15... Bb4 $11) 16. bxc3 $14 Bd6 17. e4 Bxf4 18. Qxf4 Ng6 19. Qg3 dxe4 20. Bxe4 Kf8 21. Qf3 Qd6 22. g3 Qf6 23. Qh5 h6 24. Re3 {And now Rb1 would win.} Re6 25. Kg2 Rae8 26. h4 Kg8 27. Qg4 {[#] aiming for Bxg6.} Nf8 $1 28. h5 Qg5 ({Black should try} 28... Nd7 $14) 29. Qf3 (29. Qxg5 $16 hxg5 30. Kf3) 29... Qa5 (29... Rf6 $11 {remains equal.} 30. Qd1 Ne6) 30. R1e2 Qc7 31. c4 Kh8 32. g4 Rf6 33. Qg3 Qxg3+ 34. Kxg3 Rd8 35. d5 c5 {This costs Black the game.} (35... g5 $16) 36. Bd3 $18 Rfd6 37. Re7 R6d7 38. Bf5 Rxe7 39. Rxe7 {[%mdl 4096] Endgame KRB-KRN} g6 40. Be4 ({Not} 40. Rxb7 gxf5 41. Rxf7 Nd7 $11) 40... b5 41. cxb5 axb5 42. Rxf7 gxh5 43. gxh5 Nd7 44. d6 Ne5 $2 {[#]} (44... c4 {is a better chance.} 45. Rh7+ Kg8 46. Rxh6 Nf8) 45. Re7 {Accuracy: White = 75%, Black = 56%.} 1-0

[Event "6th Vardaris Open 2020"]
[Site "Thessaloniki"]
[Date "2020.02.29"]
[Round "4.12"]
[White "Kesidis, Odyseas"]
[Black "Bullen, Alex"]
[Result "0-1"]
[WhiteElo "2282"]
[BlackElo "2085"]
[Annotator "TA"]
[PlyCount "68"]
[EventDate "2020.02.27"]
[EventType "swiss"]
[EventCountry "GRE"]
[SourceTitle "playchess.com"]
[Source "ChessBase"]
[SourceQuality "1"]

{[%evp 24,68,20,0,0,0,0,0,0,0,0,0,0,-16,-25,-52,-61,-90,-37,-44,0,-58,-64,-109,-120,-254,-249,-271,-285,-328,-260,-292,-296,-291,-279,-726,-714,-1306,-1300,-1291,-1291,-1270,-1262,-1247,-1176,-1091,-923]} 1. e4 c6 2. d4 d5 3. Nd2 dxe4 4. Nxe4 Bf5 5. Ng3 Bg6 6. h4 h6 7. Nf3 Nd7 8. h5 Bh7 9. Bd3 Bxd3 10. Qxd3 e6 11. Bd2 Ngf6 12. O-O-O Be7 13. Kb1 Qb6 $1 {[%mdl 4] outshines the older 13...0-0. B19: Classical Caro-Kann: 4...Bf5 main line.} 14. Rhe1 O-O 15. Nf5 exf5 {The position is equal.} 16. Rxe7 Qd8 $1 {[%cal Rd8e7]} 17. Re2 Ne4 18. Be3 Re8 19. g3 Ndf6 20. Ne5 Nd5 ({Much worse is} 20... Nxh5 $6 21. g4 $14) ({Better is} 20... Qd5 $17) 21. Rde1 Qa5 {[#]} 22. c4 $146 (22. Bd2 $11 Nxd2+ 23. Rxd2) ({Predecessor:} 22. Ka1 Rad8 23. Qb3 Qb4 24. Nd3 Qxb3 25. axb3 Nef6 26. Bd2 Rxe2 27. Rxe2 Nxh5 28. Re5 {1-0 (56) Peng,D (2261)-Ghatti,S (2151) Philadelphia 2016}) 22... Nxe3 $15 23. Rxe3 {[#]} c5 $1 {[%cal Rc5d4] White must now prevent ...cxd4.} 24. Nf3 {White does not recover from this.} (24. f4 $17) 24... cxd4 $19 25. Nxd4 Red8 26. R3e2 Qb6 27. Rd1 Rd7 28. f3 Rad8 {[%cal Rd7d4]} ({Don't do} 28... Nxg3 29. Red2 $19) 29. Qc2 $2 (29. Qe3 Nxg3 30. Red2) 29... Rxd4 {Black is clearly winning.} 30. Rde1 {[#]} Rd1+ $1 {[%mdl 576] Deflection, Decoy} 31. Rxd1 (31. Qxd1 Rxd1+) 31... Rxd1+ 32. Qxd1 Nc3+ $1 {[%mdl 64] Double Attack} 33. Kc2 Nxd1 34. Kxd1 Qd4+ {Accuracy: White = 45%, Black = 89%.} 0-1

[Event "6th Vardaris Open 2020"]
[Site "Thessaloniki"]
[Date "2020.02.29"]
[Round "4.13"]
[White "Giannoulakis, Lampros"]
[Black "Nilsen, Tobias Lang"]
[Result "1/2-1/2"]
[WhiteElo "2266"]
[BlackElo "2135"]
[Annotator "ChessBase"]
[PlyCount "47"]
[EventDate "2020.02.27"]
[EventType "swiss"]
[EventCountry "GRE"]
[SourceTitle "playchess.com"]
[Source "ChessBase"]
[SourceQuality "1"]
[TimeControl "6000+30"]

1. d4 Nf6 2. c4 e6 3. Nc3 Bb4 4. e3 O-O 5. Bd3 c5 6. Nf3 d5 7. O-O cxd4 8. exd4 dxc4 9. Bxc4 a6 10. Bg5 b5 11. Bb3 Be7 12. Qe2 Bb7 13. Rfe1 Re8 14. Rad1 Nc6 15. Ne5 Nxe5 16. dxe5 Nd7 17. Bc1 Qc7 18. Bc2 Red8 19. Rd3 Nf8 20. Rh3 g6 21. a3 Rac8 22. Bf4 Qc4 23. Qxc4 Rxc4 24. Bc1 1/2-1/2

[Event "6th Vardaris Open 2020"]
[Site "Thessaloniki"]
[Date "2020.02.29"]
[Round "4.14"]
[White "Papadopoulos, Panayotis"]
[Black "Cani, Armando"]
[Result "1-0"]
[WhiteElo "2220"]
[BlackElo "2002"]
[Annotator "ChessBase"]
[PlyCount "77"]
[EventDate "2020.02.27"]
[EventType "swiss"]
[EventCountry "GRE"]
[SourceTitle "playchess.com"]
[Source "ChessBase"]
[SourceQuality "1"]
[TimeControl "6000+30"]

1. Nf3 Nf6 2. d4 g6 3. g3 Bg7 4. Bg2 d6 5. O-O O-O 6. a4 c6 7. Nc3 Bg4 8. h3 Bxf3 9. Bxf3 Nbd7 10. a5 a6 11. Bg2 Qc7 12. e4 e5 13. Be3 Rfe8 14. f4 exf4 15. Bxf4 Nh5 16. Qd3 Nxf4 17. gxf4 c5 18. Nd5 Qd8 19. c3 Qh4 20. Nc7 cxd4 21. cxd4 Nf6 22. Nxa8 Rxa8 23. e5 dxe5 24. fxe5 Nh5 25. Qe4 Qd8 26. Ra3 Rc8 27. Qd5 Qe7 28. Qxb7 Rc7 29. Qa8+ Bf8 30. Raf3 Qb4 31. Qd5 Qe7 32. Rxf7 Qxf7 33. Qxf7+ Rxf7 34. Bd5 Bh6 35. Rxf7 Be3+ 36. Kg2 Kh8 37. e6 Nf4+ 38. Rxf4 Bxf4 39. e7 1-0

[Event "6th Vardaris Open 2020"]
[Site "Thessaloniki"]
[Date "2020.02.29"]
[Round "4.15"]
[White "Tsaknakis, Zisis"]
[Black "Mitsiou, Georgios"]
[Result "1-0"]
[WhiteElo "2197"]
[BlackElo "1519"]
[Annotator "RC"]
[PlyCount "75"]
[EventDate "2020.02.27"]
[EventType "swiss"]
[EventCountry "GRE"]
[SourceTitle "playchess.com"]
[Source "ChessBase"]
[SourceQuality "1"]
[TimeControl "6000+30"]

1. d4 Nf6 2. c4 e6 3. Nf3 Bb4+ 4. Nbd2 O-O 5. a3 Bxd2+ 6. Qxd2 d6 7. e3 Nbd7 8. Be2 Qe7 9. O-O e5 10. b3 e4 11. Ne1 c5 12. Bb2 Re8 13. Nc2 Nf8 14. Rad1 Ng6 15. dxc5 dxc5 16. Qd6 Qxd6 17. Rxd6 Ne5 18. f4 exf3 19. gxf3 Bf5 20. e4 Bh3 21. Rfd1 Kf8 22. Ne3 Nh5 23. Nd5 Rac8 24. Bxe5 Rxe5 25. f4 Re6 26. Rxe6 fxe6 27. Bxh5 exd5 28. Rd3 Bd7 29. cxd5 c4 30. bxc4 Rxc4 31. Bf3 Ke7 32. Kf2 Kf6 33. Kg3 g5 34. e5+ Kf5 35. Bg4+ Ke4 36. Bxd7 gxf4+ 37. Kh3 Kxd3 38. Bb5 1-0

[Event "6th Vardaris Open 2020"]
[Site "Thessaloniki"]
[Date "2020.02.29"]
[Round "4.16"]
[White "Konstantelias, Konstantinos"]
[Black "Chatzieleftheriou, Andreas"]
[Result "0-1"]
[WhiteElo "1987"]
[BlackElo "2167"]
[Annotator "TA"]
[PlyCount "144"]
[EventDate "2020.02.27"]
[EventType "swiss"]
[EventCountry "GRE"]
[SourceTitle "playchess.com"]
[Source "ChessBase"]
[SourceQuality "1"]

{[%evp 11,144,11,22,26,125,125,100,88,65,32,34,-152,-160,-161,-162,-152,-148,-179,-136,-159,-36,-245,-238,-242,-239,-243,-254,-245,-226,-206,-167,-265,-133,-127,-98,-71,-12,0,0,0,0,-83,-42,-37,-47,-96,-66,-119,-113,-151,-158,-166,-152,-143,-49,-155,-76,-99,-94,-108,-112,-108,-108,-112,-105,-114,-104,-114,-90,-115,-120,-125,-117,-108,-81,-113,-82,-90,-93,-97,-66,-67,-68,-142,-93,-148,-111,-173,-177,-228,-250,-313,-306,-367,-358,-351,-351,-394,-383,-397,-379,-424,-414,-387,-351,-357,-300,-309,-300,-1047,-1016,-770,-841,-1339,-1071,-1185,-1194,-1088,-1042,-927,-763,-1450,-1279,-1604,-1333,-2100,-1802,-1737,-1514,-2345,-2193,-6614,-8657,-2796,-2170]} 1. e4 c6 2. d4 d5 3. f3 dxe4 4. fxe4 e5 5. Nf3 exd4 6. Bc4 Nf6 7. O-O {aiming for Ng5. B12: Caro-Kann: Advance Variation.} Be6 ({Not} 7... Nxe4 $2 8. Re1 $18 (8. Nxd4 Nf6 $11)) (7... Nbd7 $11) 8. Bxe6 $16 fxe6 9. e5 {White is better.} Ne4 10. Qe2 Qd5 {[#]} 11. c4 $146 (11. a3 $14 {stays ahead.}) ({Predecessor:} 11. Re1 Nc5 12. Rd1 Qe4 13. Qc4 Nbd7 14. Rxd4 Qf5 15. Nc3 Qxc2 16. Bg5 Nb6 17. Qf1 Qxb2 {0-1 (30) Pirrot,D (2373)-Lochte,T (2095) Tegernsee 2018}) 11... d3 $17 12. Qe1 Qxc4 13. Nbd2 Nxd2 14. Bxd2 Bc5+ 15. Kh1 O-O (15... Nd7 $17 {And now ...0-0 would win.} 16. Ng5 h6) 16. Rc1 $2 ({White has to play} 16. Qg3 $1 $15 Qe4 17. Ng5) 16... Qd5 $19 17. Rxc5 Qxc5 18. Bb4 {[#]} d2 $1 {[%cal Rd2e1]} 19. Qxd2 (19. Bxd2 Qd5) 19... Qb5 20. Rc1 Re8 21. a4 (21. a3 $142) 21... Qd5 (21... Qxa4 $19 22. Be7 h6) 22. Qc2 $17 {Hoping for Ng5.} Rd8 23. Bd6 {[#] Intending Ng5 and mate.} Rxd6 (23... h6 $1 $17 {...c5! is the strong threat.} 24. Nh4 {[#]} c5 $1 {[%mdl 512]}) 24. exd6 $11 {Black must now prevent Rd1.} Qxd6 25. Ng5 g6 26. Re1 (26. Qb3 $11 {keeps the balance.} Nd7 27. Qxb7) 26... Nd7 27. Rxe6 {[#]} Rf8 $1 $40 {[%cal Rf8f1][%mdl 640] Black mounts an attack.} 28. Re1 Nf6 29. Rd1 (29. Qc4+ $15 Qd5 30. Qh4) 29... Nd5 $17 30. Qb3 Qe7 31. h4 Rf4 32. Qg3 Qf6 ({Don't play} 32... Rxa4 $6 33. Re1 $11) (32... Qb4 $17 33. Kg1 Rxh4 34. Qb8+ Qf8 35. Qxa7 Qe8) 33. Kh2 (33. Qe1 $15) 33... Qd6 ({Better is} 33... h6 34. Nf3 Rb4 35. Qb8+ Kh7 36. Qxa7 Rxb2) 34. Nh3 Rf6 35. Ng5 Qxg3+ 36. Kxg3 {[%mdl 4096] Endgame KRN-KRN} h6 37. Ne4 {Strongly threatening Rxd5.} Re6 38. Nc5 Re7 39. Kf3 a5 40. Rd3 b6 41. Nb3 Rf7+ 42. Kg3 Rf6 43. Nd4 Ne7 44. Rb3 c5 45. Nf3 Nf5+ 46. Kh3 $1 Re6 47. Rd3 {Black continues to play with concentration.} ({White should try} 47. g4 $15 Ne3 48. Rd3) 47... Nd6 48. Kg3 (48. Ne5 $142) 48... Kg7 49. b3 (49. Nd2 $17) 49... Kf6 $19 50. Nh2 (50. Kh3 $142) 50... Nf5+ 51. Kf2 Nxh4 52. Ng4+ Kg5 53. Ne3 Nf5 54. Nc4 Nd4 55. Rg3+ Kf6 56. Ne3 h5 57. Nd5+ Kf7 58. Rd3 Re2+ 59. Kf1 {Threatening Rxd4!} Rb2 60. Nxb6 $2 (60. Re3) 60... Rxb3 {Black is clearly winning.} 61. Rxb3 Nxb3 {KN-KN} 62. Ke2 g5 63. Kd3 h4 64. Nd5 Ke6 65. Ne3 Nd4 66. Ke4 Nc6 67. Nd5 c4 68. Nc7+ Kd6 69. Nd5 Kc5 70. Ne3 Nd4 71. Ng4 c3 72. Kd3 c2 {Accuracy: White = 44%, Black = 61%.} 0-1

[Event "6th Vardaris Open 2020"]
[Site "Thessaloniki"]
[Date "2020.02.29"]
[Round "4.17"]
[White "Madebrink, Lars"]
[Black "Tziotzios, Dimitrios"]
[Result "1/2-1/2"]
[WhiteElo "2115"]
[BlackElo "1473"]
[Annotator "ChessBase"]
[PlyCount "58"]
[EventDate "2020.02.27"]
[EventType "swiss"]
[EventCountry "GRE"]
[SourceTitle "playchess.com"]
[Source "ChessBase"]
[SourceQuality "1"]
[TimeControl "6000+30"]

1. d4 d5 2. Nf3 Nf6 3. c4 c6 4. Qc2 e6 5. Bg5 Nbd7 6. Nbd2 Be7 7. e3 O-O 8. Bd3 h6 9. Bh4 b6 10. h3 Bb7 11. O-O c5 12. Rac1 Rc8 13. Qb1 cxd4 14. exd4 dxc4 15. Bxc4 Nd5 16. Bg3 N7f6 17. a3 a6 18. Qd3 b5 19. Ba2 Qb6 20. Bb1 Rxc1 21. Rxc1 b4 22. Ne5 Rd8 23. Ndc4 Qb5 24. Re1 Nb6 25. Rd1 Nxc4 26. Qxc4 bxa3 27. Qc7 Nd5 28. Qc2 Nf6 29. Qc7 Nd5 1/2-1/2

[Event "6th Vardaris Open 2020"]
[Site "Thessaloniki"]
[Date "2020.02.29"]
[Round "4.19"]
[White "Hausken, Andreas Skrede"]
[Black "Markidis, Konstantinos"]
[Result "0-1"]
[WhiteElo "1856"]
[BlackElo "2211"]
[Annotator "TA"]
[PlyCount "96"]
[EventDate "2020.02.27"]
[EventType "swiss"]
[EventCountry "GRE"]
[SourceTitle "playchess.com"]
[Source "ChessBase"]
[SourceQuality "1"]

{[%evp 24,96,42,35,36,40,30,12,25,24,77,4,4,4,12,-13,0,-11,0,-8,-16,-59,-44,-39,-44,-53,-31,-37,-37,-41,-6,-59,-55,-56,-53,-90,-83,-81,-72,-220,-223,-199,-213,-205,-166,-268,-263,-263,-208,-231,-226,-209,-222,-192,-103,-110,-104,-139,-128,-166,-156,-221,-207,-253,-252,-248,-247,-220,-152,-258,-272,-264,-274,-277,-267]} 1. e4 e5 2. Nf3 Nc6 3. Bb5 a6 4. Ba4 Nf6 5. O-O Be7 6. Re1 b5 7. Bb3 d6 8. c3 O-O 9. h3 Na5 10. Bc2 c5 11. d4 Qc7 12. Nbd2 Bd7 13. Nf1 cxd4 {C97: Closed Ruy Lopez: Chigorin Defence: 11 d4 Qc7, sidelines.} 14. cxd4 Rfe8 15. Ng3 Rac8 {The position is equal.} 16. Bd3 {[#]} Bd8 $146 (16... Nc6 $11 {keeps the balance.}) ({Predecessor:} 16... Nc6 17. Be3 exd4 18. Nxd4 d5 19. Rc1 Bb4 20. Bd2 Bxd2 21. Qxd2 dxe4 22. Nxe4 Nxe4 23. Bxe4 Qd6 24. Bxc6 Rxc6 25. Rxc6 Bxc6 26. Nxc6 Rxe1+ 27. Qxe1 Qxc6 {½-½ (27) Xie,J (2569)-Qin,K (2473) Tianjing 2003}) 17. b3 (17. d5 $1 $16) 17... Nc6 $1 $11 18. Bb2 Qb8 19. a3 Bb6 {[%cal Rc6d4]} 20. d5 Ne7 {[%cal Bc6e7,Be7g6,Bg6f4][%mdl 32]} 21. Qd2 Ng6 22. Rec1 Nf4 23. Bf1 h6 24. Bc3 N4h5 25. Nxh5 Nxh5 26. Ba5 Nf4 (26... f5 {keeps more tension.} 27. exf5 Bxf5 28. Rc6 Ba7 29. Bb4 Nf6) 27. Rxc8 ({White should play} 27. Bxb6 $11 Qxb6 28. Qe3 Qxe3 29. fxe3) 27... Rxc8 $15 28. Bxb6 Qxb6 29. Rc1 Rxc1 30. Qxc1 f5 31. g3 {[#]} (31. exf5 $17 Nxd5 32. Qd2) 31... Nh5 $1 $19 ({Resist} 31... fxe4 32. Nxe5 dxe5 33. gxf4 $17) 32. exf5 Nxg3 $1 33. Bd3 Nh5 34. Nh4 (34. Qe3 $142 Qd8 35. Be4) 34... Nf4 35. Bf1 Nxd5 36. Qd2 Qd4 37. Qxd4 exd4 {[%mdl 4096] Endgame KBN-KBN} 38. Nf3 Bxf5 ({Better is} 38... Kf7 $19 39. Nxd4 Kf6) 39. Nxd4 $17 Bd7 {[#]} 40. a4 $1 {[%cal Ra4b5][%mdl 512]} Nc3 (40... bxa4 41. Bc4) 41. a5 Kf7 42. Bg2 (42. h4 $17) 42... d5 $19 43. Kf1 Ke7 44. Ke1 Kd6 45. Kd2 b4 46. Bf1 {[#]} (46. h4 $17) 46... Kc5 $1 {[%cal Rc5d4] Black has a decisive advantage.} 47. Nf3 Bb5 48. Bg2 Ne2 {Accuracy: White = 48%, Black = 84%.} 0-1

[Event "6th Vardaris Open 2020"]
[Site "Thessaloniki"]
[Date "2020.02.29"]
[Round "4.20"]
[White "Hadzimanolis, Antonios"]
[Black "Koudounis, Vasileios"]
[Result "1/2-1/2"]
[WhiteElo "2221"]
[BlackElo "1986"]
[Annotator "TA"]
[PlyCount "88"]
[EventDate "2020.02.27"]
[EventType "swiss"]
[EventCountry "GRE"]
[SourceTitle "playchess.com"]
[Source "ChessBase"]
[SourceQuality "1"]

{[%evp 9,88,9,10,7,10,0,0,0,0,0,13,0,0,0,0,0,0,0,0,0,0,0,0,0,6,8,43,0,13,0,0,-16,-7,-42,-4,-8,34,31,41,25,50,38,54,36,38,27,41,46,186,101,107,116,133,128,101,47,49,38,57,9,20,22,18,0,0,0,0,0,6,0,6,0,0,0,0,0,0,0,0,0,0]} 1. c4 e6 2. g3 d5 3. Bg2 Nf6 4. Nf3 dxc4 5. Qa4+ Bd7 6. Qxc4 {A13: English Opening: 1...e6.} c5 7. Ne5 Qc8 8. Nc3 Nc6 9. Nxd7 Qxd7 10. Qa4 Rc8 11. d3 Be7 12. O-O O-O 13. Be3 Rfd8 14. Rac1 b6 15. Rfd1 Nd5 16. Nxd5 exd5 17. a3 {[#]} Qb7 $146 ({Predecessor:} 17... Qe6 18. b4 cxb4 19. axb4 Nxb4 20. Rxc8 Rxc8 21. Qxa7 d4 22. Bxd4 Qxe2 23. Rf1 Bc5 24. Bxc5 bxc5 {½-½ (34) Turner,M (2545)-Speelman,J (2510) England 2018}) 18. Qf4 a5 19. h4 Bf6 20. Rc2 Qe7 21. h5 h6 22. Qg4 Ne5 23. Qf5 Qe6 24. Bh3 $1 Qxf5 25. Bxf5 Rc6 26. f4 Nd7 27. b4 axb4 28. axb4 b5 (28... Be7 $14) 29. bxc5 (29. Bf2 $18) 29... d4 $16 30. Bxd7 Rxd7 31. Bd2 Rd5 32. Bb4 (32. e4 $16 Rdxc5 33. Rxc5 Rxc5 34. Ra1) 32... Rxh5 $14 33. Ra1 g5 $1 34. Ra8+ (34. Rca2 $5 {[%cal Ra2a6]} gxf4 35. Ra6 (35. gxf4 Be7 $11) 35... Rxa6 36. Rxa6 $16) 34... Kg7 {The position is equal.} 35. Rb8 {aiming for Rb6.} gxf4 36. gxf4 Be7 {[#] Hoping for ...Rg6+.} 37. Rxb5 Rf5 {Threatens to win with ...Rg6+.} 38. Bd2 Rfxc5 39. Rcxc5 Rxc5 40. Rxc5 (40. Rb7 {is more complex.} Bh4 41. Bb4 Rc2 42. Kf1 h5 43. Bd6) 40... Bxc5 $11 {KB-KB} 41. Kg2 Kf6 42. Kf3 Kf5 43. Be1 Ba3 44. Bf2 Bc5 {Accuracy: White = 82%, Black = 83%.} 1/2-1/2